[Event "Stay Safe Play From Home 297"]
[Site "Emanuel Lasker Arena"]
[Date "2020.07.14"]
[Round "1"]
[White "Uber_WING"]
[Black "SoulofWolf"]
[Result "1-0"]
[WhiteElo "2441"]
[BlackElo "2153"]
[Annotator "TA"]
[PlyCount "69"]
[EventDate "2020.07.14"]
[EventType "swiss (blitz)"]

{[%evp 9,69,0,113,18,19,19,79,0,-20,-37,82,64,65,44,125,114,114,120,151,124,125,90,118,64,56,70,247,257,231,224,280,210,262,200,340,350,621,602,811,788,1391,1391,1356,1368,1363,1370,1362,1341,1357,1340,1571,1579,1487,1261,2308,2227,29990,29991,29994,29989,29992,29993]} 1. e4 c6 2. Nc3 d5 3. d3 d4 4. Nce2 Nf6 5. g3 Nbd7 (5... e5 $11 {remains equal.}) 6. Bg2 {B11: Caro-Kann: Two Knights Variation.} ({White should try} 6. Nxd4 $16 e5 7. Nb3) 6... e5 $11 {[#]} 7. f4 $146 ({Predecessor:} 7. Nf3 h6 8. O-O Bd6 9. c3 c5 10. h3 O-O 11. Bd2 Kh8 12. Nh4 Ng8 13. Nf3 f5 {½-½ (13) Wraga,T (1664)-Gottschalk,J (1597) Bad Sooden 2016}) 7... g6 (7... exf4 $11 8. Bxf4 Bb4+ 9. c3 dxc3 10. bxc3 Ba5) 8. fxe5 (8. Nf3 $16) 8... Nxe5 9. Nf3 Bg7 (9... Nxf3+ $1 $15 {stays ahead.} 10. Bxf3 Ng4) 10. Nfxd4 O-O 11. Nf3 Ned7 (11... Nxf3+ $14 12. Bxf3 Re8) 12. O-O $16 Re8 13. h3 h6 14. g4 b6 15. Ng3 Nh7 16. c3 (16. Be3 $16) 16... Qc7 17. Ne2 Rf8 $2 {A mistake that costs the game.} (17... Nc5 $14) 18. Bf4 $18 Qd8 19. Qd2 g5 20. Be3 Qe7 21. Nfd4 c5 (21... Ne5 $142 22. Ng3 Qd6) 22. Nf5 Qf6 $2 (22... Qe6 23. e5 Ba6 24. Bxa8 Rxa8) 23. Neg3 Bb7 24. Nh5 Qg6 25. Ne7+ {[%mdl 64] [#] Double Attack} Kh8 26. Nxg6+ fxg6 27. Nxg7 Kxg7 28. Rxf8 Rxf8 29. Rf1 Re8 30. Qf2 {[#] Threatening mate with Qf7+!} Re7 31. d4 a6 32. dxc5 bxc5 33. Bxc5 {White mates.} Nxc5 34. Qxc5 Rd7 35. Qe5+ {Accuracy: White = 60%, Black = 22%.} 1-0

[Event "Stay Safe Play From Home 297"]
[Site "Emanuel Lasker Arena"]
[Date "2020.07.14"]
[Round "1"]
[White "Broken sword"]
[Black "Bardellosport"]
[Result "1-0"]
[WhiteElo "2422"]
[BlackElo "2033"]
[Annotator "TA"]
[PlyCount "71"]
[EventDate "2020.07.14"]
[EventType "swiss (blitz)"]

{[%evp 9,71,67,100,86,91,47,81,45,110,64,82,9,27,0,38,-97,41,-10,112,62,112,-32,84,0,20,-27,306,-31,-33,-141,72,-127,-51,-98,-77,-95,-87,-83,-66,-78,-28,-31,539,532,536,532,535,528,574,566,715,638,805,646,984,708,1252,1215,29994,29995,29995,29996,29996,29996]} 1. e4 d6 2. d4 g6 3. Nc3 Bg7 4. Be3 e6 5. Qd2 h6 6. h4 {[#] B06: Modern Defence.} h5 $146 ({Predecessor:} 6... a6 7. O-O-O Ne7 8. f3 Nd7 9. Nge2 b5 10. Kb1 Bb7 11. Nc1 Rc8 12. Nb3 c6 {1-0 (27) Hebert,J (2378)-Spielmann,A (2181) Cannes 2014}) 7. Bc4 Ne7 8. Bb3 {White is better.} c6 ({Black should try} 8... Nbc6 $14) 9. Nge2 d5 10. e5 (10. a4 $16) 10... Nd7 11. f3 Qc7 12. O-O-O {[#]} (12. Bg5 $14) 12... b6 (12... b5 $1 $17) 13. Kb1 (13. Bg5 $14) 13... Ba6 (13... b5 $11 {keeps the balance.}) 14. g4 Bxe2 15. Qxe2 ({Only move:} 15. Nxe2 $16 a5 16. c3) 15... O-O-O (15... b5 $1 $15) 16. gxh5 (16. Bg5 $16 Rde8 17. Qe3) 16... Rxh5 $11 17. Qg2 c5 $2 {[%mdl 8192]} (17... Nf5 $11 {and Black stays safe.} 18. Bf2 Rdh8) 18. Ne2 $2 (18. Nb5 $18 Qb8 19. Nd6+ Kc7 20. Nxf7) 18... cxd4 $15 19. Bxd4 (19. Bg5 $15 Nxe5 20. Nxd4) 19... Nc6 $2 (19... Bxe5 $17 {keeps the pressure on. aiming for ...Nf5.} 20. c3 Nf5) 20. c3 $2 (20. f4 $16) 20... Ndxe5 (20... Bxe5 $17 21. Be3 Kb8) 21. Ng3 Rhh8 22. f4 Nxd4 23. cxd4 Nc6 24. Rc1 {Ba4 is the strong threat.} Kb8 {Threatens to win with ...Qd6.} 25. Ba4 Nxd4 $2 {[%mdl 8192]} (25... Rd6 $15 {stays ahead.} 26. h5 Qb7 27. hxg6 fxg6 28. Rxh8+ Bxh8) 26. Rxc7 $18 Kxc7 27. Rc1+ Kb8 {[#]} 28. h5 $1 gxh5 {[#]} 29. Nxh5 $1 {[%mdl 512]} Bf8 (29... Rxh5 30. Qxg7) 30. Nf6 Bc5 31. a3 a6 32. b4 Bd6 33. Qf2 Nb5 34. Qxb6+ {[%mdl 64] Double Attack. White mates.} Ka8 35. Qxa6+ Kb8 36. Qxb5+ {Accuracy: White = 23%, Black = 17%.} 1-0

[Event "Stay Safe Play From Home 297"]
[Site "Emanuel Lasker Arena"]
[Date "2020.07.14"]
[Round "1"]
[White "BrainThinker22"]
[Black "Fischer_11"]
[Result "1-0"]
[WhiteElo "2374"]
[BlackElo "2119"]
[Annotator "NA RC"]
[PlyCount "41"]
[EventDate "2020.07.14"]
[EventType "swiss (blitz)"]

1. e4 {[%emt 0:00:01]} Nf6 {[%emt 0:00:01]} 2. Nc3 {[%emt 0:00:01]} d5 {[%emt 0:00:01]} 3. e5 {[%emt 0:00:01]} Ne4 {[%emt 0:00:01]} 4. d3 {[%emt 0:00:00]} Nxc3 {[%emt 0:00:01]} 5. bxc3 {[%emt 0:00:00]} c5 {[%emt 0:00:00]} 6. f4 {[%emt 0:00:01]} Nc6 {[%emt 0:00:00]} 7. g3 {[%emt 0:00:00]} Bf5 {[%emt 0:00:00]} 8. Bg2 {[%emt 0:00:00]} e6 {[%emt 0:00:00]} 9. Nf3 {[%emt 0:00:00]} Be7 {[%emt 0:00:01]} 10. O-O {[%emt 0:00:00]} O-O {[%emt 0:00:00]} 11. h3 {[%emt 0:00:00]} f6 {[%emt 0:00:01]} 12. g4 {[%emt 0:00:00]} Bg6 {[%emt 0:00:01]} 13. exf6 {[%emt 0:00:00]} Bxf6 {[%emt 0:00:01]} 14. Bd2 {[%emt 0:00:00]} e5 {[%emt 0:00:02]} 15. fxe5 {[%emt 0:00:01]} Nxe5 {[%emt 0:00:00]} 16. Nxe5 {[%emt 0:00:00]} Bxe5 {[%emt 0:00:00]} 17. Qe2 {[%emt 0:00:00]} Bc7 {[%emt 0:00:03]} 18. Qe6+ {[%emt 0:00:02]} Bf7 {[%emt 0:00:05]} 19. Rxf7 {[%emt 0:00:01]} Rxf7 {[%emt 0:00:01]} 20. Bxd5 {[%emt 0:00:00]} Qe7 {[%emt 0:00:04]} 21. Qxe7 {[%emt 0:00:05] Fischer_11 gibt auf (Lag: Av=0.36s, max=0.4s)} 1-0

[Event "Stay Safe Play From Home 297"]
[Site "Emanuel Lasker Arena"]
[Date "2020.07.12"]
[Round "1"]
[White "AChessPlayer"]
[Black "sadbat1122"]
[Result "1-0"]
[WhiteElo "2332"]
[BlackElo "1651"]
[Annotator "NA RC"]
[PlyCount "97"]
[EventDate "2020.07.12"]
[EventType "swiss (blitz)"]

1. e4 {[%emt 0:00:03]} d5 {[%emt 0:00:02]} 2. exd5 {[%emt 0:00:01]} Nf6 {[%emt 0:00:02]} 3. Nc3 {[%emt 0:00:05]} Nxd5 {[%emt 0:00:02]} 4. Nge2 {[%emt 0:00:01]} Nc6 {[%emt 0:00:05]} 5. g3 {[%emt 0:00:01]} Bg4 {[%emt 0:00:04]} 6. Bg2 {[%emt 0:00:01]} Nxc3 {[%emt 0:00:04]} 7. bxc3 {[%emt 0:00:00]} e6 {[%emt 0:00:02]} 8. h3 {[%emt 0:00:01]} Bxe2 {[%emt 0:00:02]} 9. Qxe2 {[%emt 0:00:01]} Qd7 {[%emt 0:00:02]} 10. Rb1 {[%emt 0:00:00]} Rb8 {[%emt 0:00:02]} 11. O-O {[%emt 0:00:04]} Be7 {[%emt 0:00:03]} 12. Qc4 {[%emt 0:00:04]} O-O {[%emt 0:00:04]} 13. Rxb7 {[%emt 0:00:06]} Rxb7 {[%emt 0:00:11]} 14. Bxc6 {[%emt 0:00:01]} Qc8 {[%emt 0:00:04]} 15. Bxb7 {[%emt 0:00:01]} Qxb7 {[%emt 0:00:01]} 16. d3 {[%emt 0:00:01]} Bd6 {[%emt 0:00:08]} 17. Qg4 {[%emt 0:00:08]} g6 {[%emt 0:00:04]} 18. Bh6 {[%emt 0:00:02]} Rc8 {[%emt 0:00:08]} 19. c4 {[%emt 0:00:05]} Bf8 {[%emt 0:00:02]} 20. Bxf8 {[%emt 0:00:02]} Rxf8 {[%emt 0:00:02]} 21. Qe2 {[%emt 0:00:06]} Qb2 {[%emt 0:00:02]} 22. a4 {[%emt 0:00:01]} Qc3 {[%emt 0:00:03]} 23. Rb1 {[%emt 0:00:02]} a5 {[%emt 0:00:06]} 24. Kg2 {[%emt 0:00:01]} Qa3 {[%emt 0:00:04]} 25. Rb7 {[%emt 0:00:06]} c5 {[%emt 0:00:07]} 26. Rb5 {[%emt 0:00:04]} Qxa4 {[%emt 0:00:02]} 27. Rxc5 {[%emt 0:00:01]} Qb4 {[%emt 0:00:01]} 28. Rb5 {[%emt 0:00:01]} Qc3 {[%emt 0:00:02]} 29. Qe5 {[%emt 0:00:12]} Qxe5 {[%emt 0:00:05]} 30. Rxe5 {[%emt 0:00:01]} Ra8 {[%emt 0:00:02]} 31. Re1 {[%emt 0:00:01]} a4 {[%emt 0:00:02]} 32. Ra1 {[%emt 0:00:00]} a3 {[%emt 0:00:02]} 33. Kf3 {[%emt 0:00:00]} Kf8 {[%emt 0:00:02]} 34. Ke3 {[%emt 0:00:00]} Ke7 {[%emt 0:00:01]} 35. Kd2 {[%emt 0:00:00]} Kd6 {[%emt 0:00:01]} 36. Kc3 {[%emt 0:00:00]} e5 {[%emt 0:00:02]} 37. Kb3 {[%emt 0:00:01]} Kc5 {[%emt 0:00:03]} 38. Rxa3 {[%emt 0:00:02]} Rb8+ {[%emt 0:00:03]} 39. Kc3 {[%emt 0:00:01]} Rb1 {[%emt 0:00:02]} 40. Ra5+ {[%emt 0:00:01]} Kd6 {[%emt 0:00:02]} 41. Rd5+ {[%emt 0:00:02]} Ke6 {[%emt 0:00:01]} 42. Rd8 {[%emt 0:00:01]} Rf1 {[%emt 0:00:03]} 43. c5 {[%emt 0:00:01]} Ke7 {[%emt 0:00:04]} 44. Rd5 {[%emt 0:00:02]} Ke6 {[%emt 0:00:03]} 45. c6 {[%emt 0:00:00]} Ra1 {[%emt 0:00:15]} 46. c7 {[%emt 0:00:01]} Kxd5 {[%emt 0:00:13]} 47. c8=Q {[%emt 0:00:02]} Ra3+ {[%emt 0:00:02]} 48. Kd2 {[%emt 0:00:02]} Ra5 {[%emt 0:00:12]} 49. Qd8+ {[%emt 0:00:01] sadbat1122 resigns (Lag: Av=1.29s, max=6.3s)} 1-0

[Event "Stay Safe Play From Home 297"]
[Site "Emanuel Lasker Arena"]
[Date "2020.07.14"]
[Round "1"]
[White "Lamborghini"]
[Black "NTBT_DHS"]
[Result "1/2-1/2"]
[WhiteElo "2159"]
[BlackElo "1620"]
[Annotator "TA"]
[PlyCount "89"]
[EventDate "2020.07.14"]
[EventType "swiss (blitz)"]

{[%evp 9,88,46,63,32,43,-1,6,6,93,87,90,102,158,133,139,81,89,117,112,84,200,220,225,234,434,425,397,171,706,654,668,618,772,518,479,405,780,774,1339,1295,1369,1016,1273,828,1422,580,580,581,731,598,732,729,1044,983,5247,706,839,709,913,843,878,810,896,775,846,807,29987,29988,29988,12841,29990,29989,29989,29990,29991,29980,29980,29981,29991,0,0]} 1. e4 g6 2. d4 Bg7 3. Nc3 d6 4. Be3 Nd7 5. g4 a6 6. Bg2 {B06: Modern Defence.} b5 {[#]} 7. e5 $146 ({Predecessor:} 7. g5 Bb7 8. h4 h5 9. gxh6 Bxh6 10. h5 Bxe3 11. fxe3 g5 12. Nce2 e6 13. Ng3 {½-½ (71) Ilic,A (2126)-Kara,Y (2039) Veliko Gradiste 2018}) 7... Rb8 8. f4 Bb7 (8... Nb6 $11) 9. Bxb7 $16 Rxb7 10. Qf3 Rb8 (10... Qa8 $142) 11. O-O-O $36 {[%mdl 2048] White is really pushing.} e6 12. h4 (12. Nge2 $142) 12... h5 13. gxh5 Rxh5 14. Nge2 Ne7 (14... d5 $16) 15. Ng3 $18 Rh8 16. h5 b4 $2 {[#]} (16... Nb6 17. hxg6 fxg6 18. Rxh8+ Bxh8) 17. Nce4 d5 18. Ng5 (18. hxg6 $142 fxg6 19. Rxh8+ Bxh8 20. Qh1 dxe4 21. Qxh8+ Nf8 22. d5 Nxd5 23. Bc5) 18... c5 $2 (18... Nf8 19. Kb1 Qd7 20. hxg6 fxg6 21. Rxh8 Bxh8) 19. hxg6 Nxg6 20. Rxh8+ Bxh8 21. Qh5 cxd4 22. Bxd4 Qe7 (22... Rc8 $142 23. f5 Qc7) 23. f5 Ngf8 24. fxe6 Nxe6 25. Qxh8+ Ndf8 26. Nxe6 Qxe6 27. Qf6 Qxf6 28. exf6 Ne6 29. Nf5 Kd7 30. Be5 Rg8 31. Rxd5+ Kc6 32. Rd1 {[#] Ne7+ is the strong threat.} Kc5 33. Ne7 Rg2 34. Bd6+ Kb5 35. b3 a5 36. Rd5+ Ka6 37. a4 Nf4 38. Bxf4 Rf2 39. Kb2 (39. Be5 $142 Re2 40. Bc7 Re1+ 41. Rd1 Re4 42. Rd6+ Kb7 43. Bxa5 Re3 44. Rd7+ Ka8 45. Bxb4) 39... Rf1 40. Rd6+ Kb7 41. Rd7+ Ka6 42. Nc6 ({Worse is} 42. Nd5 Rb1+ 43. Kxb1 $11 (43. Ka2 Ra1+ 44. Kxa1 $11)) 42... Kb6 43. Ne5 Ka6 44. Nc4 $2 (44. Nd3 {mates} Rxf4 45. Nxf4 Kb6 46. Rxf7 Kc5 47. Re7 Kd6 48. Re6+ Kc7 49. f7 Kd8 50. f8=Q+ Kd7 51. Qf7+ Kd8 52. Re8#) 44... Rb1+ $1 $11 45. Kxb1 {Accuracy: White = 51%, Black = 24%.} 1/2-1/2

[Event "Stay Safe Play From Home 297"]
[Site "Emanuel Lasker Arena"]
[Date "2020.07.14"]
[Round "1"]
[White "Sfantul321"]
[Black "Mepe_Nika"]
[Result "0-1"]
[WhiteElo "1957"]
[BlackElo "2395"]
[Annotator "NA RC"]
[PlyCount "68"]
[EventDate "2020.07.14"]
[EventType "swiss (blitz)"]

1. c4 {[%emt 0:00:04]} c6 {[%emt 0:00:01]} 2. Nc3 {[%emt 0:00:00]} d5 {[%emt 0:00:02]} 3. cxd5 {[%emt 0:00:00]} cxd5 {[%emt 0:00:01]} 4. d4 {[%emt 0:00:00]} Nf6 {[%emt 0:00:00]} 5. Bf4 {[%emt 0:00:01]} Nc6 {[%emt 0:00:01]} 6. Nf3 {[%emt 0:00:00]} a6 {[%emt 0:00:01]} 7. e3 {[%emt 0:00:01]} Bg4 {[%emt 0:00:01]} 8. Bd3 {[%emt 0:00:00]} e6 {[%emt 0:00:01]} 9. h3 {[%emt 0:00:01]} Bxf3 {[%emt 0:00:02]} 10. Qxf3 {[%emt 0:00:01]} Be7 {[%emt 0:00:00]} 11. O-O {[%emt 0:00:01]} O-O {[%emt 0:00:00]} 12. Rac1 {[%emt 0:00:01]} Rc8 {[%emt 0:00:01]} 13. a3 {[%emt 0:00:01]} b5 {[%emt 0:00:01]} 14. b4 {[%emt 0:00:01]} Nd7 {[%emt 0:00:02]} 15. e4 {[%emt 0:00:01]} Nb6 {[%emt 0:00:03]} 16. exd5 {[%emt 0:00:05]} Nxd5 {[%emt 0:00:03]} 17. Qe4 {[%emt 0:00:01]} Nf6 {[%emt 0:00:02]} 18. Qf3 {[%emt 0:00:02]} Nxd4 {[%emt 0:00:01]} 19. Qe3 {[%emt 0:00:01]} Nb3 {[%emt 0:00:03]} 20. Rc2 {[%emt 0:00:01]} Nd4 {[%emt 0:00:01]} 21. Rcc1 {[%emt 0:00:01]} Nb3 {[%emt 0:00:02]} 22. Rc2 {[%emt 0:00:01]} Qd4 {[%emt 0:00:01]} 23. Qe2 {[%emt 0:00:02]} Rxc3 {[%emt 0:00:02]} 24. Be3 {[%emt 0:00:02]} Qxd3 {[%emt 0:00:01]} 25. Rxc3 {[%emt 0:00:02]} Qxe2 {[%emt 0:00:01]} 26. Rxb3 {[%emt 0:00:01]} Rd8 {[%emt 0:00:01]} 27. Rbb1 {[%emt 0:00:03]} Ne4 {[%emt 0:00:02]} 28. Bb6 {[%emt 0:00:02]} Rd2 {[%emt 0:00:02]} 29. Rfe1 {[%emt 0:00:01]} Qd3 {[%emt 0:00:02]} 30. Re3 {[%emt 0:00:01]} Qxb1+ {[%emt 0:00:02]} 31. Kh2 {[%emt 0:00:00]} Nxf2 {[%emt 0:00:02]} 32. Re1 {[%emt 0:00:02]} Bd6+ {[%emt 0:00:01]} 33. g3 {[%emt 0:00:01]} Ng4+ {[%emt 0:00:01]} 34. Kg1 {[%emt 0:00:02]} Qxe1# {[%emt 0:00:01] (Lag: Av=0.33s, max=0.9s)} 0-1

[Event "Stay Safe Play From Home 297"]
[Site "Emanuel Lasker Arena"]
[Date "2020.07.12"]
[Round "1"]
[White "Chesstiger9"]
[Black "JULIAN16"]
[Result "1/2-1/2"]
[WhiteElo "1952"]
[BlackElo "1710"]
[Annotator "NA RC"]
[PlyCount "94"]
[EventDate "2020.07.12"]
[EventType "swiss (blitz)"]

1. d4 {[%emt 0:00:02]} Nf6 {[%emt 0:00:03]} 2. Nf3 {[%emt 0:00:01]} d5 {[%emt 0:00:03]} 3. e3 {[%emt 0:00:01]} c6 {[%emt 0:00:03]} 4. Nbd2 {[%emt 0:00:02]} Bg4 {[%emt 0:00:02]} 5. Be2 {[%emt 0:00:02]} e6 {[%emt 0:00:01]} 6. h3 {[%emt 0:00:01]} Bh5 {[%emt 0:00:01]} 7. O-O {[%emt 0:00:01]} Bd6 {[%emt 0:00:01]} 8. b3 {[%emt 0:00:01]} Nbd7 {[%emt 0:00:01]} 9. Bb2 {[%emt 0:00:01]} Rc8 {[%emt 0:00:02]} 10. Ne5 {[%emt 0:00:01]} Bxe2 {[%emt 0:00:03]} 11. Qxe2 {[%emt 0:00:00]} Qc7 {[%emt 0:00:01]} 12. f4 {[%emt 0:00:01]} O-O {[%emt 0:00:03]} 13. e4 {[%emt 0:00:01]} dxe4 {[%emt 0:00:02]} 14. Nxe4 {[%emt 0:00:01]} Nxe4 {[%emt 0:00:01]} 15. Qxe4 {[%emt 0:00:02]} Nf6 {[%emt 0:00:01]} 16. Qe2 {[%emt 0:00:02]} c5 {[%emt 0:00:01]} 17. c4 {[%emt 0:00:04]} cxd4 {[%emt 0:00:03]} 18. Bxd4 {[%emt 0:00:00]} Bc5 {[%emt 0:00:02]} 19. Bxc5 {[%emt 0:00:04]} Qxc5+ {[%emt 0:00:01]} 20. Kh1 {[%emt 0:00:00]} Rcd8 {[%emt 0:00:02]} 21. Rad1 {[%emt 0:00:02]} b6 {[%emt 0:00:07]} 22. Rxd8 {[%emt 0:00:05]} Rxd8 {[%emt 0:00:02]} 23. Rd1 {[%emt 0:00:00]} Qc7 {[%emt 0:00:10]} 24. g4 {[%emt 0:00:16]} g6 {[%emt 0:00:04]} 25. Rxd8+ {[%emt 0:00:08]} Qxd8 {[%emt 0:00:01]} 26. Qd3 {[%emt 0:00:00]} Qxd3 {[%emt 0:00:04]} 27. Nxd3 {[%emt 0:00:01]} Kf8 {[%emt 0:00:01]} 28. Kg2 {[%emt 0:00:02]} Ke7 {[%emt 0:00:01]} 29. Kf3 {[%emt 0:00:01]} Nd7 {[%emt 0:00:01]} 30. b4 {[%emt 0:00:05]} f6 {[%emt 0:00:01]} 31. Ke4 {[%emt 0:00:02]} Kd6 {[%emt 0:00:01]} 32. f5 {[%emt 0:00:10]} e5 {[%emt 0:00:12]} 33. h4 {[%emt 0:00:18]} a5 {[%emt 0:00:08]} 34. a3 {[%emt 0:00:02]} Nf8 {[%emt 0:00:21]} 35. c5+ {[%emt 0:00:05]} bxc5 {[%emt 0:00:02]} 36. Nxc5 {[%emt 0:00:02]} axb4 {[%emt 0:00:03]} 37. axb4 {[%emt 0:00:00]} h5 {[%emt 0:00:17]} 38. gxh5 {[%emt 0:00:34]} gxh5 {[%emt 0:00:03]} 39. Nd3 {[%emt 0:00:06]} Nd7 {[%emt 0:00:08]} 40. Nc1 {[%emt 0:00:11]} Nb6 {[%emt 0:00:04]} 41. Ne2 {[%emt 0:00:05]} Nd5 {[%emt 0:00:03]} 42. Ng3 {[%emt 0:00:06]} Nf4 {[%emt 0:00:10]} 43. Kf3 {[%emt 0:00:15]} Kc6 {[%emt 0:00:05]} 44. Ne4 {[%emt 0:00:04]} Nd5 {[%emt 0:00:05]} 45. Ng3 {[%emt 0:00:06]} Nf4 {[%emt 0:00:26]} 46. Ne4 {[%emt 0:00:04]} Nd5 {[%emt 0:00:04]} 47. Ng3 {[%emt 0:00:13]} Nf4 {[%emt 0:00:17] (Lag: Av=0.78s, max=1.9s)} 1/2-1/2

[Event "Stay Safe Play From Home 297"]
[Site "Emanuel Lasker Arena"]
[Date "2020.07.14"]
[Round "1"]
[White "NeatFox"]
[Black "Little champs"]
[Result "0-1"]
[WhiteElo "1876"]
[BlackElo "2268"]
[Annotator "TA"]
[PlyCount "72"]
[EventDate "2020.07.14"]
[EventType "swiss (blitz)"]

{[%evp 9,72,-124,0,0,28,-123,-29,-20,-28,-56,-18,-10,0,-20,8,27,27,24,33,20,65,54,66,52,110,78,85,53,108,93,96,67,99,87,97,97,242,238,221,86,86,92,104,10,18,22,80,28,44,40,58,51,45,-409,-408,-407,-298,-306,-306,-306,-307,-334,-306,-306,-300]} 1. g4 d5 2. Bg2 Bxg4 3. c4 c6 4. cxd5 cxd5 5. Qb3 {[#]} Nc6 $2 (5... Nf6 $1 $17 6. Nc3 Nc6 7. Nxd5 Rc8) 6. Bxd5 $11 {[#] A00: Irregular Openings.} e6 $146 ({Predecessor:} 6... Qd7 7. Bxf7+ Kd8 8. Bxg8 Nd4 9. Qd5 Nc2+ 10. Kd1 Nxa1 11. Qxd7+ Bxd7 12. Bd5 e6 13. Bc4 b5 14. Bd3 a5 {½-½ (14) Soulie,C (2073)-Engelen,J (1953) Brest 2012}) 7. Bg2 $2 ({White should try} 7. Qxb7 $11 exd5 8. Qxc6+ Bd7 9. Qxd5) 7... Qb6 (7... Nd4 $17 8. Qxb7 Rc8) 8. Qxb6 {Black has an edge.} axb6 9. a3 Nf6 10. Nc3 Nd4 {Strongly threatening ...Nc2+.} 11. Kf1 Nc2 12. Rb1 Nd4 13. d3 Be7 14. Be3 Nc6 15. Bxb6 O-O 16. Nf3 Bd8 (16... Ra6 $14 17. Be3 Nd5) 17. Be3 Nd5 18. Bd2 Bh5 (18... Bf6 $14) 19. Nxd5 $16 exd5 20. Bc3 Bg6 21. Ne5 Nxe5 22. Bxe5 Ra5 (22... Bf5 $16 {is a better defense.}) 23. Bc3 $18 Rb5 24. Bb4 (24. a4 $18 {and White stays clearly on top.} Rb6 25. Bxd5) 24... Re8 $16 25. Rc1 Bf6 26. Rc5 ({White should play} 26. Bh3 $16) 26... Rxc5 $11 27. Bxc5 Rc8 {[#]} (27... Bh5 $11 {keeps the balance.}) 28. Be3 (28. b4 $1 $16) 28... d4 29. Bf4 Rc2 {Black wants to play ...Be5!} 30. Bxb7 Rxb2 31. a4 $2 {[%mdl 8192]} (31. Bf3 $14) 31... Rxb7 $19 32. Kg2 Bf5 33. a5 {and the idea a6 leaves White hopeful.Black has a decisive advantage.} Ra7 34. Ra1 Bd7 35. Bd6 Bc6+ 36. f3 Bd8 {Black used his chance. Accuracy: White = 46%, Black = 55%.} 0-1

[Event "Stay Safe Play From Home 297"]
[Site "Emanuel Lasker Arena"]
[Date "2020.07.12"]
[Round "1"]
[White "Oliverfab"]
[Black "Umitkarabulut03"]
[Result "1-0"]
[WhiteElo "1866"]
[BlackElo "1587"]
[Annotator "NA RC"]
[PlyCount "157"]
[EventDate "2020.07.12"]
[EventType "swiss (blitz)"]
[WhiteTeam "SV Laatzen"]

{Fábregas, Oliver (1915)} 1. g3 {[%emt 0:00:03]} d5 {[%emt 0:00:01]} 2. Bg2 {[%emt 0:00:02]} e6 {[%emt 0:00:01]} 3. e3 {[%emt 0:00:01]} Nf6 {[%emt 0:00:01]} 4. Ne2 {[%emt 0:00:01]} c5 {[%emt 0:00:01]} 5. O-O {[%emt 0:00:01]} Nc6 {[%emt 0:00:01]} 6. d4 {[%emt 0:00:01]} cxd4 {[%emt 0:00:02]} 7. exd4 {[%emt 0:00:03]} h6 {[%emt 0:00:06]} 8. c3 {[%emt 0:00:01]} Bd6 {[%emt 0:00:01]} 9. Nd2 {[%emt 0:00:03]} a6 {[%emt 0:00:03]} 10. Nf3 {[%emt 0:00:02]} b5 {[%emt 0:00:00]} 11. a3 {[%emt 0:00:02]} a5 {[%emt 0:00:03]} 12. Bf4 {[%emt 0:00:02]} Bxf4 {[%emt 0:00:03]} 13. Nxf4 {[%emt 0:00:01]} Bb7 {[%emt 0:00:03]} 14. Re1 {[%emt 0:00:05]} O-O {[%emt 0:00:02]} 15. Nd3 {[%emt 0:00:04]} Qb6 {[%emt 0:00:02]} 16. Qe2 {[%emt 0:00:04]} b4 {[%emt 0:00:05]} 17. axb4 {[%emt 0:00:05]} axb4 {[%emt 0:00:02]} 18. h3 {[%emt 0:00:03]} Ba6 {[%emt 0:00:13]} 19. Qd2 {[%emt 0:00:08]} Rfb8 {[%emt 0:00:40]} 20. Bf1 {[%emt 0:00:10]} Bxd3 {[%emt 0:00:12]} 21. Bxd3 {[%emt 0:00:03]} Na5 {[%emt 0:00:18]} 22. Rad1 {[%emt 0:00:18]} Nb3 {[%emt 0:00:07]} 23. Qc2 {[%emt 0:00:04]} bxc3 {[%emt 0:00:08]} 24. bxc3 {[%emt 0:00:02]} Na5 {[%emt 0:00:13]} 25. Rb1 {[%emt 0:00:06]} Qc7 {[%emt 0:00:05]} 26. Ne5 {[%emt 0:00:14]} Rc8 {[%emt 0:00:15]} 27. Rec1 {[%emt 0:00:04]} Nc4 {[%emt 0:00:14]} 28. Bxc4 {[%emt 0:00:05]} dxc4 {[%emt 0:00:02]} 29. Rb4 {[%emt 0:00:04]} Nd5 {[%emt 0:00:05]} 30. Rxc4 {[%emt 0:00:03]} Qxc4 {[%emt 0:00:07]} 31. Nxc4 {[%emt 0:00:02]} Rxc4 {[%emt 0:00:00]} 32. Qb3 {[%emt 0:00:03]} Rac8 {[%emt 0:00:01]} 33. Ra1 {[%emt 0:00:13]} Rxc3 {[%emt 0:00:07]} 34. Qb7 {[%emt 0:00:03]} R3c7 {[%emt 0:00:06]} 35. Qb5 {[%emt 0:00:05]} Nc3 {[%emt 0:00:04]} 36. Qd3 {[%emt 0:00:05]} Nd5 {[%emt 0:00:06]} 37. Kg2 {[%emt 0:00:04]} Rc3 {[%emt 0:00:01]} 38. Qe4 {[%emt 0:00:04]} Rc2 {[%emt 0:00:04]} 39. Ra7 {[%emt 0:00:08]} Nf6 {[%emt 0:00:05]} 40. Qf3 {[%emt 0:00:05]} R2c3 {[%emt 0:00:02]} 41. Qf4 {[%emt 0:00:04]} R3c4 {[%emt 0:00:04]} 42. g4 {[%emt 0:00:06]} Rd8 {[%emt 0:00:02] Umitkarabulut03 beraberlik teklif ediyor} 43. Qf3 {[%emt 0:00:22]} Rcxd4 {[%emt 0:00:02]} 44. Ra8 {[%emt 0:00:01]} R4d7 {[%emt 0:00:05]} 45. Rxd8+ {[%emt 0:00:04]} Rxd8 {[%emt 0:00:01]} 46. h4 {[%emt 0:00:01]} Rd4 {[%emt 0:00:06]} 47. g5 {[%emt 0:00:03]} hxg5 {[%emt 0:00:03]} 48. hxg5 {[%emt 0:00:01]} Rg4+ {[%emt 0:00:00]} 49. Kf1 {[%emt 0:00:01]} Rxg5 {[%emt 0:00:01]} 50. Qa8+ {[%emt 0:00:04]} Kh7 {[%emt 0:00:02]} 51. Qh1+ {[%emt 0:00:02]} Kg6 {[%emt 0:00:02]} 52. Ke2 {[%emt 0:00:04]} Re5+ {[%emt 0:00:02]} 53. Kd3 {[%emt 0:00:03]} Nd5 {[%emt 0:00:03]} 54. Kc4 {[%emt 0:00:07]} Rf5 {[%emt 0:00:03]} 55. Qg2+ {[%emt 0:00:03]} Kf6 {[%emt 0:00:03]} 56. Kb3 {[%emt 0:00:07]} Nf4 {[%emt 0:00:02]} 57. Qg3 {[%emt 0:00:06]} Ne2 {[%emt 0:00:03]} 58. Qh4+ {[%emt 0:00:03]} Rg5 {[%emt 0:00:04]} 59. f4 {[%emt 0:00:06]} Nxf4 {[%emt 0:00:04]} 60. Qxf4+ {[%emt 0:00:01]} Rf5 {[%emt 0:00:01]} 61. Qh4+ {[%emt 0:00:01]} g5 {[%emt 0:00:01]} 62. Qh6+ {[%emt 0:00:02]} Ke5 {[%emt 0:00:00]} 63. Qg7+ {[%emt 0:00:02]} f6 {[%emt 0:00:01]} 64. Kc4 {[%emt 0:00:02]} Rf4+ {[%emt 0:00:01]} 65. Kd3 {[%emt 0:00:01]} Rf3+ {[%emt 0:00:02]} 66. Ke2 {[%emt 0:00:01]} Rf4 {[%emt 0:00:00]} 67. Qc7+ {[%emt 0:00:02]} Kf5 {[%emt 0:00:01]} 68. Qc5+ {[%emt 0:00:02]} e5 {[%emt 0:00:01]} 69. Qd5 {[%emt 0:00:02]} Re4+ {[%emt 0:00:02]} 70. Kf3 {[%emt 0:00:02]} Rf4+ {[%emt 0:00:01]} 71. Kg3 {[%emt 0:00:01]} Re4 {[%emt 0:00:01]} 72. Qd7+ {[%emt 0:00:01]} Kg6 {[%emt 0:00:01]} 73. Qe6 {[%emt 0:00:01]} Rf4 {[%emt 0:00:00]} 74. Qe8+ {[%emt 0:00:02]} Kg7 {[%emt 0:00:01]} 75. Qe7+ {[%emt 0:00:01]} Kg6 {[%emt 0:00:00]} 76. Qd6 {[%emt 0:00:02]} e4 {[%emt 0:00:01]} 77. Qd5 {[%emt 0:00:02]} Kg7 {[%emt 0:00:01]} 78. Qd7+ {[%emt 0:00:02]} Kg6 {[%emt 0:00:00]} 79. Kg2 {[%emt 0:00:01] Zaman (Lag: Av=0.36s, max=5.2s)} 1-0